Centennial acquisitions : art treasures for tomorrow /

محفوظ في:

مؤلف مشترك: Museum of Fine Arts, Boston

التنسيق: كتاب

اللغة: English

الموضوعات:

الوسوم: إضافة وسم

لا توجد وسوم, كن أول من يضع وسما على هذه التسجيلة!

رقم الطلب: N520 .A6 1970

LEADER 00796namaa2200229 4500
001 21584
003 OSt
005 20210913084650.0
008 130303s1970 maua g c 000 0 eng d
952 |0 0  |1 0  |2 lcc  |4 0  |6 N0520 A6 01970  |7 1  |9 18695  |a ARCE  |b ARCE  |d 2021-09-13  |l 0  |o N520 .A6 1970  |p 1006971  |r 2021-09-13 00:00:00  |w 2021-09-13  |y BK 
999 |c 21820  |d 21820 
040 |c ARCE Library 
043 |a n-us-ma 
050 0 4 |a N520 .A6 1970 
110 2 |a Museum of Fine Arts, Boston, 
245 1 0 |a Centennial acquisitions :  |b art treasures for tomorrow /  |c Museum of Fine Arts, Boston. 
264 1 |a Boston :  |b [publisher not identified],  |c 1970. 
300 |a 170 pages :  |b illustrations ;  |c 23 cm. 
650 0 |a Art  |v Exhibitions. 
650 0 |a Art  |z Massachusetts  |z Boston  |v Catalogs. 
901 |a reviewed 
942 |c BK  |2 lcc